000 00961nam a2200301 a 4500
001 000110483
003 CHAP
005 20220329144135.0
008 140903s2008 mx |r| |||||||spa d
010 _a106945
011 _a107917
020 _a9789708190596
040 _cCHAP
082 0 4 _a332.743091
_bG64
100 1 _aGonzález Núñez, José Carlos
_9128218
245 1 3 _aEl microcrédito de banca comunal :
_buna alternativa de financiamiento rural en México /
_cpor José Carlos González Núñez.
260 _aMéxico :
_bUniversidad Anahuac del Sur
_bPorrúa,
_c2008.
300 _a122 p. :
_bil.
590 _aE11695DGD
_b10
_c20140908
_lUCH01
_h0902
590 _aE6096MTM
_b05
_c20140903
_lUCH01
_h1153
650 1 4 _aCrédito al consumidor.
_929092
650 1 4 _aFinanzas
_xMéxico.
_940943
650 1 4 _aPoblación rural
_xPobreza.
_989454
650 1 4 _aPoblación rural
_zMéxico.
_989459
901 _aBK
942 _cLIBRO
942 _n0
999 _c106945
_d106945